000 00769nam a2200277Ia 4500
003 OSt
005 20221006153443.0
006 a|||||r|||| 00| 0
007 ta
008 221006b |||||||| |||| 00| 0 chi d
020 _a9789867819383
_cYu 380.00
024 _a32,368
037 _bGift, Republic of China
_cTextual
040 _aEASL
_cEASL
_bchi
041 _2chi
_achi
082 _aY:1.4295, P3
100 _aChuan Wan
_9664043
245 0 _aTaiwan wenhua lum
260 _aChina
_bWan Shari Shi Chu Ban Shi
_c2003
300 _a345p.
_ccm.
490 _v CL
650 _a CL
_9642733
650 _aCulture-Human relation
_9664044
942 _hY:1.4295, P3
_cTEXL
_2CC
999 _c1100454
_d1100454